000 00571nam a2200229Ia 4500
003 OSt
005 20220924152423.0
006 a|||||r|||| 00| 0
007 ta
008 220923b |||||||| |||| 00| 0 mar d
024 _a342467
037 _cTextual
040 _aARTS
_cARTS
_bmar
041 _2mar
_amar
082 _aQ221:7v, 155K1
100 _aBahirat B.P. Au.
_9226649
245 0 _aNathashcha Prasad
260 _c1961
650 _aRELIGION
942 _hQ221:7v, 155K1
_cTEXL
_2CC
999 _c469795
_d469795